<?xml version="1.0" encoding="UTF-8"?>
<collection xmlns="http://www.loc.gov/MARC21/slim">
 <record>
  <leader>01936nam a2200241Ia 4500</leader>
  <controlfield tag="001">CTU_98006</controlfield>
  <controlfield tag="008">210402s9999    xx            000 0 und d</controlfield>
  <datafield tag="020" ind1=" " ind2=" ">
   <subfield code="c">219.99</subfield>
  </datafield>
  <datafield tag="082" ind1=" " ind2=" ">
   <subfield code="a">664</subfield>
  </datafield>
  <datafield tag="082" ind1=" " ind2=" ">
   <subfield code="b">P922</subfield>
  </datafield>
  <datafield tag="245" ind1=" " ind2="0">
   <subfield code="a">Preharvest and postharvest food safety :</subfield>
  </datafield>
  <datafield tag="245" ind1=" " ind2="0">
   <subfield code="b">Contemporary issues and future directions</subfield>
  </datafield>
  <datafield tag="245" ind1=" " ind2="0">
   <subfield code="c">Edited by Ross C. Beier, Suresh D. Pillai and Timothy D. Phillips</subfield>
  </datafield>
  <datafield tag="260" ind1=" " ind2=" ">
   <subfield code="a">Ames, IA.</subfield>
  </datafield>
  <datafield tag="260" ind1=" " ind2=" ">
   <subfield code="b">Blackwell</subfield>
  </datafield>
  <datafield tag="260" ind1=" " ind2=" ">
   <subfield code="c">2004</subfield>
  </datafield>
  <datafield tag="520" ind1=" " ind2=" ">
   <subfield code="a">While presenting the latest scientific research on the major pathogens associated with meat, poultry, produce, and other foods, Pre-Harvest and Post-Harvest Food Safety: Contemporary Issues and Future Directions goes beyond other professional reference books by identifying the research needed to assure food safety in the future. The editors and authors not only review the current, cutting-edge literature in each of their areas, but provide insights and forward thinking into the development of new and innovative approaches and research strategies. Scientists and researchers from academia, government, and industry have collaborated to examine the high-priority food safety areas recognized by the federal government: pathogen/host interactions; ecology, distribution and spread of foodborne hazards; antibiotic resistance; verification tests; decontamination and prevention strategies; and risk analysis. A worthy new edition to the IFT Press series of food science and technology titles, Pre-Harvest and Post-Harvest Food Safety describes what we now know in food safety and provides a framework and focus for future research to improve diagnostic capabilities and intervention strategies for enteropathogens.</subfield>
  </datafield>
  <datafield tag="526" ind1=" " ind2=" ">
   <subfield code="a">Bảo quản sau thu hoạch</subfield>
  </datafield>
  <datafield tag="526" ind1=" " ind2=" ">
   <subfield code="b">NN358</subfield>
  </datafield>
  <datafield tag="650" ind1=" " ind2=" ">
   <subfield code="a">Food,Food,Agricultural microbiology</subfield>
  </datafield>
  <datafield tag="650" ind1=" " ind2=" ">
   <subfield code="x">Microbiology,Safety measures</subfield>
  </datafield>
  <datafield tag="904" ind1=" " ind2=" ">
   <subfield code="i">Minh</subfield>
  </datafield>
  <datafield tag="980" ind1=" " ind2=" ">
   <subfield code="a">Trung tâm Học liệu Trường Đại học Cần Thơ</subfield>
  </datafield>
 </record>
</collection>
